Relatively Small US Capitals Quiz Stats

 Plays Quiz Updated Feb 20, 2018

Challenge
Share
Tweet
Embed
Score 0/14 Timer 03:00
14 Plays Today
Percentage Capital City % Correct
0.5%Albany
80.4%
1.3%Sacramento
76.3%
0.9%Tallahassee
73.3%
0.9%Springfield
63.5%
0.7%Olympia
62.4%
0.4%Harrisburg
58.8%
1.4%Augusta
57.6%
Percentage Capital City % Correct
1.1%Lansing
55.9%
0.7%Jefferson City
54.9%
1.2%Montpelier
53.4%
1.7%Pierre
53.4%
1.0%Trenton
46.4%
0.6%Annapolis
46.2%
0.6%Frankfort
45.3%

You're not logged in!

Compare scores with friends on all Sporcle quizzes.
Join for Free
OR
Log In

You Might Also Like...

Show Comments

Extras

Top Quizzes Today


Score Distribution

Your Account Isn't Verified!

In order to create a playlist on Sporcle, you need to verify the email address you used during registration. Go to your Sporcle Settings to finish the process.

Report this User

Report this user for behavior that violates our Community Guidelines.

Details: